000 00496nam a2200193Ia 4500
005 20250603145045.0
008 250603s9999 xx 000 0 und d
020 _a9781251921
050 _aHV 6773 .A36/
100 _aAhmed, Aliyu Ahmed
245 0 _aHack no more ; internet security : attacks and defense
250 _a1st ed.
260 _aNigeria
260 _bAhmadu Bello University Press Limited, Zaria.
260 _c2010
300 _a344 p
650 _aNigeria
942 _cBK
999 _c40742
_d40742